EL ORIGEN SOCIAL DE LA PALABRA PROPIA (Registro nro. 68710)

Detalles MARC
000 -CABECERA
campo de control de longitud fija 00871nam a22002057a 4500
008 - DATOS DE LONGITUD FIJA--INFORMACIÓN GENERAL
campo de control de longitud fija 260630e2005 mx |||||r|||| 001 0 spa d
020 ## - NÚMERO INTERNACIONAL ESTÁNDAR DEL LIBRO
Número Internacional Estándar del Libro 970-35-0821-9
040 ## - FUENTE DE LA CATALOGACIÓN
Lengua de catalogación spa
041 ## - CÓDIGO DE LENGUA
Código de lengua del texto/banda sonora o título independiente SPA
100 ## - ENTRADA PRINCIPAL--NOMBRE DE PERSONA
Nombre de persona KALMAN, JUDITH
Títulos y otros términos asociados al nombre HERNÁNDEZ, GREGORIO
245 ## - MENCIÓN DE TÍTULO
Título EL ORIGEN SOCIAL DE LA PALABRA PROPIA
Resto del título POBRES PERO LEÍDOS; LA FAMILIA (MARGINADA) Y LA LECTURA EN MÉXICO
300 ## - DESCRIPCIÓN FÍSICA
Extensión 55
Dimensiones 21 cm x 13.5 cm
336 ## - TIPO DE CONTENIDO
Fuente rdacontent
Término de tipo de contenido texto
Código de tipo de contenido txt
337 ## - TIPO DE MEDIO
Fuente rdamedia
Nombre/término del tipo de medio sin mediación
Código del tipo de medio n
338 ## - TIPO DE SOPORTE
Fuente rdacarrier
Nombre/término del tipo de soporte volumen
Código del tipo de soporte nc
490 0# - MENCIÓN DE SERIE
Mención de serie VOL. 14
505 ## - NOTA DE CONTENIDO CON FORMATO
Nota de contenido con formato Kalman subraya la dimensión social de la lectura como construcción colectiva de sentido, mientras que Hernández denuncia las barreras estructurales que impiden a las familias marginadas acceder a esa experiencia.
650 ## - PUNTO DE ACCESO ADICIONAL DE MATERIA--TÉRMINO DE MATERIA
Término de materia o nombre geográfico como elemento de entrada CIENCIAS SOCIALES
Subdivisión de forma EDUCACIÓN
Subdivisión general EDUCACIÓN P´RIMARIA
942 ## - ELEMENTOS DE PUNTO DE ACCESO ADICIONAL (KOHA)
Fuente del sistema de clasificación o colocación Dewey Decimal Classification
Tipo de ítem Koha General jóvenes y Adultos
Existencias
Estado de retiro Estado de pérdida Fuente del sistema de clasificación o colocación Estado dañado No para préstamo Código de colección Localización permanente Ubicación/localización actual Fecha de adquisición Fuente de adquisición Total de préstamos Signatura topográfica completa Fecha visto por última vez Número de copia Precio válido a partir de Tipo de ítem Koha
    Dewey Decimal Classification   Préstamo en Sala Colección General BFC BIBLIOTECA PÚBLICA CENTRAL ESTATAL “FRANCISCO CERVANTES” BIBLIOTECA PÚBLICA CENTRAL ESTATAL “FRANCISCO CERVANTES” 02/12/2012 DONACION   372.423 / K34 06/30/2026 EJ.1 06/30/2026 General jóvenes y Adultos